El álgebra moderna
I tiakina i:
| Ngā kaituhi matua: | , |
|---|---|
| Hōputu: | Pukapuka |
| Reo: | Pāniora |
| I whakaputaina: |
Barcelona
Vergara
1957
|
| Ngā marau: | |
| Ngā Tūtohu: |
Tāpirihia he Tūtohu
Kāore He Tūtohu, Me noho koe te mea tuatahi ki te tūtohu i tēnei pūkete!
|
MARC
| LEADER | 00000nam a2200000 a 4500 | ||
|---|---|---|---|
| 001 | UCW0989 | ||
| 003 | CL-VaPUC | ||
| 008 | 900813e19570000SP |||||||||||||||||spa|d | ||
| 082 | 0 | 4 | |a 512.02 |b QUE |2 21 |
| 100 | 0 | |a Queysanne, Michel |e author |9 304899 | |
| 700 | 0 | |a Delachet, André |e author |9 304900 | |
| 245 | 1 | 3 | |a El álgebra moderna |
| 300 | |a 214 p | ||
| 942 | |c BK | ||
| 945 | |d 19900813 00:00:00 | ||
| 260 | |a Barcelona |b Vergara |c 1957 | ||
| 650 | 7 | |a AXIOMAS |2 CL-VaPUC |9 304901 | |
| 650 | 0 | |a Álgebra abstracta |9 260081 | |
| 650 | 0 | |a Álgebra |9 259567 | |
| 583 | |a last modification |c 20180606 11:30:10 |k Rodrigo Vera | ||
| 999 | |c 215980 |d 215978 | ||
| 952 | |0 0 |1 0 |4 0 |6 512_020000000000000_QUE_1957 |7 0 |8 A |9 201303 |a BIBMAT |b BIBMAT |d 2019-11-14 |i 2684748 |o 512.02 QUE 1957 |p 2684748 |r 2025-01-07 |w 2019-11-14 |y BK |k MAT | ||